| Tag |
First Indicator |
Second Indicator |
Subfields |
| LEADER |
00000cam a2200000 a 4500 |
| 001 |
in00000098789 |
| 005 |
20150924155817.0 |
| 008 |
800828s1981 paua b 00110bengm |
| 010 |
|
|
|a 80021736
|
| 020 |
|
|
|a 0271002786 :
|c $12.00
|
| 035 |
|
|
|a (OCoLC)06735194
|
| 035 |
|
|
|9 AAK9913AM
|
| 040 |
|
|
|a DLC
|c DLC
|d m.c.
|d TXA
|d UtOrBLW
|
| 043 |
|
|
|a n-us-pa
|a n-us---
|
| 049 |
|
|
|a TXAM
|c [1562169]
|
| 050 |
0 |
0 |
|a F155.3 S37
|b W64
|
| 082 |
0 |
|
|a 973.92/092/4
|a B
|2 19
|
| 100 |
1 |
|
|a Wolf, George D.,
|d 1923-
|
| 245 |
1 |
0 |
|a William Warren Scranton, Pennsylvania statesman /
|c George D. Wolf.
|
| 264 |
|
1 |
|a University Park :
|b Pennsylvania State University Press,
|c [1981]
|
| 264 |
|
4 |
|c ©1981
|
| 300 |
|
|
|a x, 220 pages :
|b illustrations ;
|c 24 cm.
|
| 336 |
|
|
|a text
|b txt
|2 rdacontent
|
| 337 |
|
|
|a unmediated
|b n
|2 rdamedia
|
| 338 |
|
|
|a volume
|b nc
|2 rdacarrier
|
| 490 |
0 |
|
|a A Keystone book
|
| 500 |
|
|
|a Includes index.
|
| 504 |
|
|
|a Bibliography: pages [188]-196.
|
| 600 |
1 |
0 |
|a Scranton, William Warren,
|d 1917-2013.
|
| 651 |
|
0 |
|a Pennsylvania
|x Governors
|x Biography.
|
| 610 |
2 |
0 |
|a United States.
|b Congress.
|b House
|x Biography.
|
| 651 |
|
0 |
|a Pennsylvania
|x Politics and government
|y 1951-
|
| 999 |
|
|
|a MARS
|
| 999 |
f |
f |
|s d43467a4-5be9-36aa-b818-c3cd5caafafd
|i 53e35972-47a4-3a65-9c0b-b742130025df
|t 0
|
| 952 |
f |
f |
|p ric
|a Texas A&M University
|b Rellis Campus
|c Joint Library Facility
|d Remote Storage
|t 0
|e F155.3 S37 W64
|h Library of Congress classification
|i unmediated -- volume
|m A14806032890
|
| 998 |
f |
f |
|a F155.3 S37 W64
|t 0
|l Remote Storage
|